| 000 | 00419nam a2200181Ia 4500 | ||
|---|---|---|---|
| 001 | 11642 | ||
| 005 | 20260306162843.0 | ||
| 008 | 260306t1978||||xx |||||||||||||| ||spa|| | ||
| 041 | _aESP | ||
| 082 |
_a985.6105 _bT18 |
||
| 100 |
_aTamayo Herrera, José _eAUT |
||
| 245 | 0 | _aHistoria social del Cuzco republicano | |
| 260 | _c1978 | ||
| 300 |
_a _c |
||
| 650 | _aGEN | ||
| 654 | _aCHU | ||
| 942 |
_cLIB _dJUS _fJUS _2ddc _n |
||
| 999 |
_c11642 _d11642 |
||